000 00444nam a22001697a 4500
005 20180719145638.0
008 160526b xxu||||| |||| 00| 0 eng d
020 _a978-81-7829-915-0
041 _aeng
082 _b5232
_a658.162
100 _aBoeh, Kevin, K and Paul W .Beamish
_94566
245 _aMergers and Acquisitions
260 _aNew Delhi
_bAcademic Faundation
_c2007
300 _a435p,
650 _aManagement
_9241
942 _cBK
999 _c1834
_d1833